000 00808nam a22002055i 4500
001 54489
003 ES-MaACL
005 20250913172549.0
007 t|
008 960725s1883 be ||||1| fre d
040 _aCAM
_bspa
_cCAM
245 0 0 _aPlaidoyers de MMes. Fourchy et Leven dans le procès intenté par le consul d'Espagne á Paris, Rodríguez-Rubi contre les auteurs d'une publication sur le mariage du fils du maréchal Serrano.
260 _aBruxelles :
_bimprimerie & litographie Ad. Mertens,
_c1883.
300 _a67 p. ;
_c21 cm.
600 0 4 _aCarreras y Lastortras, Luis,
_d1840-1888
_935690
600 1 7 _aSerrano y Domínguez, Francisco,
_d1810-1885
_2
_9153059
600 1 4 _aMartínez de Campos, Mercedes.
_9153060
852 _aES-MaACL
_jT-360-F-15
999 _c54489
_d54489